[Event "Roncana op-B 12th"]
[Site "Santa Eulalia de Roncana"]
[Date "2018.11.10"]
[Round "6"]
[White "Fernandez Herrera, Aleix"]
[Black "Lazaro Valls, Xavier"]
[Result "1/2-1/2"]
[WhiteElo "1390"]
[BlackElo "1546"]
[PlyCount "60"]
[EventDate "2018.09.29"]
[EventType "swiss"]
[EventRounds "8"]
[EventCountry "ESP"]
[SourceTitle "EXT 2022"]
[Source "ChessBase"]
[SourceDate "2021.10.06"]
[SourceVersion "1"]
[SourceVersionDate "2021.10.06"]
[SourceQuality "1"]

1. c4 Nf6 2. g3 d5 3. Bg2 g6 4. Nc3 Be6 5. cxd5 Nxd5 6. e3 Bg7 7. Nge2 Nc6 8. 0-0 0-0 9. d4 Qd7 10. Re1 Rad8 11. a3 Na5 12. Qc2 Nb6 13. b4 Nc6 14. Nf4 Bf5 15. Qb3 g5 16. Nfd5 Nxd5 17. Qxd5 Qc8 18. Qc4 Be6 19. Qd3 Ne5 20. Qc2 Ng4 21. Bb2 c6 22. Rac1 Nf6 23. Ne4 Bf5 24. Nxf6+ Bxf6 25. Qb3 Qe6 26. Qxe6 Bxe6 27. Red1 Bd5 28. Bxd5 Rxd5 29. Ba1 Rfd8 30. Rc4 g4 1/2-1/2

[Event "Mataro Vinas Memorial-B 13th"]
[Site "Mataro"]
[Date "2017.05.13"]
[Round "3.10"]
[White "Puig Vila, Esteve"]
[Black "Fernandez Herrera, Aleix"]
[Result "1-0"]
[WhiteElo "1550"]
[BlackElo "1369"]
[PlyCount "47"]
[EventDate "2017.04.22"]
[EventType "swiss"]
[EventRounds "8"]
[EventCountry "ESP"]
[SourceTitle "EXT 2024"]
[Source "ChessBase"]
[SourceDate "2023.10.10"]
[SourceVersion "1"]
[SourceVersionDate "2023.10.10"]
[SourceQuality "1"]

1. e4 e5 2. Nf3 Nc6 3. d4 exd4 4. Nxd4 Nf6 5. Nxc6 bxc6 6. Bd3 Qe7 7. 0-0 Qe5 8. Nc3 d6 9. f4 Qd4+ 10. Kh1 Bb7 11. Qe2 Be7 12. a3 a6 13. Be3 Qxe3 14. Qxe3 Ng4 15. Qe2 h5 16. Rae1 0-0-0 17. Bxa6 d5 18. Bxb7+ Kxb7 19. exd5 Bc5 20. dxc6+ Ka7 21. Nb5+ Kb6 22. a4 Ne3 23. Nd4 Bxd4 24. Qb5+ 1-0

[Event "Roncana op-B 9th"]
[Site "Santa Eulalia de Roncana"]
[Date "2015.11.14"]
[Round "6"]
[White "Fernandez Herrera, Aleix"]
[Black "Moreno Oller, Victor"]
[Result "0-1"]
[WhiteElo "1738"]
[BlackElo "1659"]
[PlyCount "80"]
[EventDate "2015.10.03"]
[EventType "swiss"]
[EventRounds "8"]
[EventCountry "ESP"]
[SourceTitle "EXT 2017"]
[Source "ChessBase"]
[SourceDate "2016.10.25"]
[SourceVersion "1"]
[SourceVersionDate "2016.10.25"]
[SourceQuality "1"]

1. c4 e5 2. Nc3 Nf6 3. e3 b6 4. d4 exd4 5. exd4 Bb7 6. d5 Bc5 7. Qe2+ Be7 8. Nf3 0-0 9. Qd3 Na6 10. Be2 Nc5 11. Qc2 a5 12. 0-0 Bd6 13. Be3 Re8 14. Bxc5 Bxc5 15. Bd3 c6 16. Ne4 cxd5 17. Nxf6+ Qxf6 18. Bxh7+ Kh8 19. cxd5 g6 20. Qc4 Kxh7 21. Qg4 Bxd5 22. Ng5+ Kg7 23. Rad1 Be6 24. Nxe6+ dxe6 25. Rd3 Qf5 26. Qg3 Red8 27. Rf3 Bd6 28. Qh4 Rh8 29. Qd4+ Qe5 30. Qxe5+ Bxe5 31. g3 Bxb2 32. Rb3 Bd4 33. Rd1 Bc5 34. Rd7 Rad8 35. Ra7 Rd1+ 36. Kg2 Rd2 37. Rf3 Rf8 38. Kh3 Rxa2 39. Rd7 Rxf2 40. Rfd3 a4 0-1

[Event "Llinars del Valles op-B 8th"]
[Site "Llinars del Valles"]
[Date "2015.05.30"]
[Round "7"]
[White "Fernandez Herrera, Aleix"]
[Black "Vert Cardell, Marc"]
[Result "0-1"]
[WhiteElo "1781"]
[BlackElo "1503"]
[PlyCount "34"]
[EventDate "2015.04.11"]
[EventType "swiss"]
[EventRounds "9"]
[EventCountry "ESP"]
[SourceTitle "EXT 2016"]
[Source "ChessBase"]
[SourceDate "2015.10.08"]
[SourceVersion "1"]
[SourceVersionDate "2015.10.08"]
[SourceQuality "1"]

1. e4 e5 2. Nf3 Nc6 3. Bb5 Nf6 4. Qe2 d5 5. exd5 a6 6. Qxe5+ Be7 7. Bxc6+ bxc6 8. dxc6 0-0 9. 0-0 Bd6 10. Qg5 Qe8 11. Nd4 Qe4 12. c3 Re8 13. Qe3 Qh4 14. Nf3 Bxh2+ 15. Kh1 Qh5 16. Qd3 Ng4 17. Re1 Nxf2# 0-1

[Event "Roncana op-C 5th"]
[Site "Santa Eulalia de Roncana"]
[Date "2011.11.05"]
[Round "5"]
[White "Espada Espanol, Tura"]
[Black "Fernandez Herrera, Aleix"]
[Result "0-1"]
[WhiteElo "1718"]
[BlackElo "1700"]
[PlyCount "58"]
[EventDate "2011.10.01"]
[EventType "swiss"]
[EventRounds "8"]
[EventCountry "ESP"]
[SourceTitle "EXT 2013"]
[Source "ChessBase"]
[SourceDate "2012.11.22"]
[SourceVersion "1"]
[SourceVersionDate "2012.11.22"]
[SourceQuality "1"]

1. e4 e5 2. Nf3 Nc6 3. Bc4 Be7 4. Nc3 d6 5. d3 Bg4 6. 0-0 Nf6 7. Bg5 0-0 8. Nd5 Nxd5 9. Bxd5 Bxg5 10. c3 Bxf3 11. Qxf3 Qf6 12. Qg3 Bh4 13. Qf3 Qxf3 14. gxf3 Ne7 15. Bxb7 Rab8 16. Bd5 Nxd5 17. exd5 Rxb2 18. Rfe1 Bxf2+ 19. Kf1 Bxe1 20. Kxe1 Rxh2 21. Rb1 Rh1+ 22. Kd2 Rxb1 23. Kc2 Rbb8 24. Kc1 Rb5 25. c4 Ra5 26. Kb1 Rb8+ 27. Ka1 Ra6 28. c5 dxc5 29. a3 Rxa3# 0-1